Coming of Age in Samoa: (Record no. 1182)

MARC details
000 -LEADER
fixed length control field 005970000a22001930004500
003 - CONTROL NUMBER IDENTIFIER
control field LK-CoMWRAF
005 - DATE AND TIME OF LATEST TRANSACTION
control field 20231207113814.0
008 - FIXED-LENGTH DATA ELEMENTS--GENERAL INFORMATION
fixed length control field 230817t1954 ||||| |||| 00| 0 eng d
040 ## - CATALOGING SOURCE
Original cataloging agency LK-CoMWRAF
Modifying agency LK-CoMWRAF
Description conventions LK-CoMWRAF
041 ## - LANGUAGE CODE
Language code of text/sound track or separate title English
082 ## - DEWEY DECIMAL CLASSIFICATION NUMBER
Classification number 303.099
Item number MEA
942 ## - ADDED ENTRY ELEMENTS (KOHA)
Koha item type Books
100 ## - MAIN ENTRY--PERSONAL NAME
Personal name Mead, Margaret
245 ## - TITLE STATEMENT
Title Coming of Age in Samoa:
Remainder of title a psychological study of primitive youth for western civilisation
260 ## - PUBLICATION, DISTRIBUTION, ETC. (IMPRINT)
Place of publication, distribution, etc. New York:
Name of publisher, distributor, etc. New American Library,
Date of publication, distribution, etc. 1954
300 ## - PHYSICAL DESCRIPTION
Extent 192 p.
Other physical details Glossary included
650 ## - SUBJECT ADDED ENTRY--TOPICAL TERM
Topical term or geographic name as entry element SAMOAN WOMEN
650 ## - SUBJECT ADDED ENTRY--TOPICAL TERM
Topical term or geographic name as entry element Samoan Islands- Social life and customs
Holdings
Withdrawn status Lost status Damaged status Not for loan Permanent Location Current Location Date acquired Full call number Barcode Koha item type
        Resource center, Muslim Women's Research And Action Forum Resource center, Muslim Women's Research And Action Forum 2023-08-17 306.099 MEA RAF552 Books

Copyright © 2023 Muslim Women's Research and Action Forum (MWRAF), No 27/3, Anderson Road, Kalubowila, Dehiwela. Funded by The Asia Fundation